Score 0/45 Timer 03:00
0 Plays Today
% Correct
Texas
88.5%
Alaska
88%
California
86.9%
Florida
86.1%
Hawaii
86%
Maine
85.4%
Oregon
84.3%
Nevada
84%
Tennessee
83.7%
Georgia
83%
Montana
82.7%
Arizona
82.7%
South Dakota
82.1%
Michigan
81.8%
Louisiana
81.6%
Idaho
81.2%
Kentucky
80.7%
New York
80.5%
Washington
80.5%
Illinois
80.4%
New Jersey
80.2%
New Mexico
79.9%
Mississippi
79.5%
% Correct
Oklahoma
79.1%
Alabama
78.7%
North Carolina
78.4%
Indiana
78%
North Dakota
77.8%
Pennsylvania
77.5%
Wyoming
77.4%
Arkansas
76.5%
Vermont
76.4%
Massachusetts
76.2%
Wisconsin
75.3%
South Carolina
75%
Connecticut
74.7%
New Hampshire
74.7%
Colorado
74.4%
Maryland
74.2%
Missouri
74%
Nebraska
72.6%
Delaware
72.3%
West Virginia
71.9%
Minnesota
71.5%
Rhode Island
71.1%
Remove Ads.
Support Sporcle.
Get the best of Sporcle when you Go Orange. This ad-free experience offers more features, more stats, and more fun while also helping to support Sporcle. Thank you for becoming a member.

You're not logged in!

Compare scores with friends on all Sporcle quizzes.
OR
Log In

Show Comments

Extras

Top Quizzes Today


Score Distribution

Your Account Isn't Verified!

In order to create a playlist on Sporcle, you need to verify the email address you used during registration. Go to your Sporcle Settings to finish the process.

Report this User

Report this user for behavior that violates our Community Guidelines.

Details: